Entry Nombre personal
001 - NÚMERO DE CONTROL
- campo de control: 143955
003 - IDENTIFICADOR DE NÚMERO DE CONTROL
- campo de control: SpMaBN
005 - FECHA Y HORA DE LA ÚLTIMA TRANSACCIÓN
- campo de control: 20250904055935.0
008 - ELEMENTOS DE DATO DE LONGITUD-FIJA
- campo de control de longitud fija: 901120nn azznnaabn |a aaa
016 ## - NÚMERO DE CONTROL DE UNA AGENCIA BIBLIOGRÁFICA NACIONAL
- Número de control del registro: BNE19900036335
024 7# - IDENTIFICADOR DE OTROS ESTÁNDARES
- Número estándar o código: http://viaf.org/viaf/69057740/
- Fuente: viaf
024 7# - IDENTIFICADOR DE OTROS ESTÁNDARES
- Número estándar o código: https://isni.org/isni/0000000066372430
- Fuente: isni
024 7# - IDENTIFICADOR DE OTROS ESTÁNDARES
- Número estándar o código: http://www.wikidata.org/entity/Q12260873
- Fuente: wikidata
040 ## - FUENTE DE CATALOGACIÓN
- Centro catalogador/agencia de origen: SpMaBN
- Lengua de catalogación: spa
- Centro/agencia transcriptor: SpMaBN
- Normas de descripción: rdc
- Convención/Normas de encabezamiento de materia/tesauro: embne
046 ## - FECHAS CON CODIFICACIÓN ESPECIAL
- Fecha de nacimiento: 1896
- Fecha de la muerte: 1977
100 1# - ENCABEZAMIENTO-NOMBRE DE PERSONA
- Nombre de persona: Castro Álava, José Ramón,
- Fechas asociadas al nombre: 1896-1977
375 ## - GÉNERO/SEXO
- Género: Masculino
377 ## - IDIOMA ASOCIADO
- Código del idioma: spa
- Término de lengua/lenguaje: Español
400 1# - TRAZADO DE VÉASE--NOMBRE DE PERSONA
- Nombre de persona: Castro, José Ramón,
- Fechas asociadas al nombre: 1896-1977
400 1# - TRAZADO DE VÉASE--NOMBRE DE PERSONA
- Nombre de persona: Castro Álava, J. R.,
- Fechas asociadas al nombre: 1896-1977
670 ## - FUENTE DE DATOS ENCONTRADOS
- Cita de la fuente: Carlos III el Noble, 1983
- Información encontrada: port. (José Ramón Castro Alava)
670 ## - FUENTE DE DATOS ENCONTRADOS
- Cita de la fuente: Cuadernos de arte navarro, 1944
- Información encontrada: port. (José Ramón Castro)
670 ## - FUENTE DE DATOS ENCONTRADOS
- Cita de la fuente: La pintura, 1991
- Información encontrada: port. (José Ramón Castro Álava) v. port. (n. 31-8-1896, en Tudela -m. 13-7-1977, en Pamplona)
